000 00866nam a2200253 i 4500
001 35396
003 ES-MaACL
005 20230906155124.0
007 t|
008 030212s1967 sp acf d |||| |dspa d
080 _a82.09(038)
245 0 0 _aDiccionario literario de obras y personajes de todos los tiempos y todos los países.
246 3 _aBompiani
250 _a2ª ed.
260 _aBarcelona :
_bMontaner y Simón,
_c[1967]
300 _a2 v. (880 p., 114 lám. ; 829 p., 93 lám.) :
_bil. ;
_c22 cm.
505 8 _aContiene: X. [T-Z] - XI. [R-S]
594 _aPrecede al tít.: González Porto, Bompiani.
650 4 _aPersonajes literarios-
_vDiccionarios.
_9173794
650 4 _aLiteratura-
_vDiccionarios.
_914484
700 1 _aGonzález Porto, José.
_9155126
710 2 _aCasa editrice Valentino Bompiani.
_92481
852 4 _aES-MaACL
_jL-1404-05
999 _c35396
_d35396